000 00427nam a2200145Ia 4500
008 231129s2000||||xx |||||||||||||| ||spa||
020 _a958-96930-6-7
040 _bspa
082 _a918.615 W519t
100 _aWest Robert
245 0 _aLas tierras bajas del Pací­fico colombiano
260 _c2000
264 _aBogotá Colombia : Imprenta Nacional de Colombia
942 _2ddc
_cBKS
999 _c18983
_d18983